Understanding the spiritual dialogues Sidha Gosti/ (Record no. 104464)

MARC details
000 -LEADER
fixed length control field 00608nam a22001817a 4500
005 - DATE AND TIME OF LATEST TRANSACTION
control field 20231116141151.0
010 ## - LCCN (DPL NO)
LC control number ENG-116422
020 ## - INTERNATIONAL STANDARD BOOK NUMBER
International Standard Book Number 9789383649587
Terms of availability 595.00
035 ## - SYSTEM CONTROL NUMBER
System control number EN-99954
037 ## - SOURCE OF ACQUISITION
Source of stock number/acquisition DBAD/PUB
082 ## - DEWEY DECIMAL CLASSIFICATION NUMBER
Classification number 260.51
100 ## - MAIN ENTRY--PERSONAL NAME
Personal name Wadva,Satjit
245 ## - TITLE STATEMENT
Title Understanding the spiritual dialogues Sidha Gosti/
Statement of responsibility, etc Edited by Niraj Kumar,George Van Driem [and] Phunchok Stobdan
260 ## - PUBLICATION, DISTRIBUTION, ETC. (IMPRINT)
Place of publication, distribution, etc New Delhi
Name of publisher, distributor, etc KW Publishers
Date of publication, distribution, etc 2016
270 ## - ADDRESS
Address 4676/21,first floor,Ansari Road,Daryaganj
City New Delhi
Postal code 110002
300 ## - PHYSICAL DESCRIPTION
Extent iii,160p.
Dimensions 18cm(Hb)
942 ## - ADDED ENTRY ELEMENTS (KOHA)
Source of classification or shelving scheme Dewey Decimal Classification
Item type English Books
Classification part 260.51
Call number suffix WAD
Holdings
Withdrawn status Lost status Not for loan Collection code Home library Current library Date acquired Source of acquisition Cost, normal purchase price Full call number Barcode Copy number Cost, replacement price Koha item type
    Not For Loan Reference Bawana Bawana 03/11/2016 DBAD/PUB 595.00 260.51 WAD EN-99954 1 595.00 English Books

© Delhi Public Library
Hit Counter
free hit counter